Random Year to President - Statistics

General Stats
  • This quiz has been taken 558 times
  • The average score is 15 of 20
Answer Stats
Year President(s) % Correct
1862 Abraham Lincoln
100%
1865 Abraham Lincoln | Andrew Johnson
100%
2012 Barack Obama
100%
1891 Benjamin Harrison
100%
1994 Bill Clinton
100%
1997 Bill Clinton
100%
1925 Calvin Coolidge
100%
2018 Donald Trump
100%
2020 Donald Trump
100%
1939 Franklin D. Roosevelt
100%
1944 Franklin D. Roosevelt
100%
1793 George Washington
100%
1795 George Washington
100%
2003 George W. Bush
100%
1947 Harry Truman
100%
1950 Harry Truman
100%
1951 Harry Truman
100%
1930 Herbert Hoover
100%
1931 Herbert Hoover
100%
1933 Herbert Hoover | Franklin D. Roosevelt
100%
1812 James Madison
100%
1820 James Monroe
100%
1825 James Monroe | John Quincy Adams
100%
1987 Ronald Reagan
100%
1922 Warren Harding
100%
1910 William Howard Taft
100%
1920 Woodrow Wilson
100%
2014 Barack Obama
92%
1991 George H.W. Bush
92%
2006 George W. Bush
92%
1937 Franklin D. Roosevelt
91%
1982 Ronald Reagan
91%
1863 Abraham Lincoln
90%
1832 Andrew Jackson
90%
2015 Barack Obama
90%
1883 Chester A. Arthur
90%
1792 George Washington
90%
2009 George W. Bush | Barack Obama
90%
1953 Harry Truman | Dwight D. Eisenhower
90%
1813 James Madison
90%
1980 Jimmy Carter
90%
1969 Lyndon B. Johnson | Richard Nixon
90%
1881 Rutherford B. Hayes | James Garfield | Chester A. Arthur
90%
1995 Bill Clinton
89%
2005 George W. Bush
89%
1971 Richard Nixon
89%
1974 Richard Nixon | Gerald Ford
89%
1989 Ronald Reagan | George H.W. Bush
89%
1806 Thomas Jefferson
89%
1912 William Howard Taft
89%
1958 Dwight D. Eisenhower
88%
2002 George W. Bush
88%
2007 George W. Bush
88%
1810 James Madison
88%
1966 Lyndon B. Johnson
88%
1872 Ulysses S. Grant
88%
1900 William McKinley
88%
1854 Franklin Pierce
87%
1831 Andrew Jackson
86%
1927 Calvin Coolidge
86%
1789 George Washington
86%
1949 Harry Truman
86%
1932 Herbert Hoover
86%
1818 James Monroe
86%
1823 James Monroe
86%
1799 John Adams
86%
1968 Lyndon B. Johnson
86%
1905 Theodore Roosevelt
86%
1907 Theodore Roosevelt
86%
1915 Woodrow Wilson
86%
1916 Woodrow Wilson
86%
1918 Woodrow Wilson
86%
1921 Woodrow Wilson | Warren Harding
86%
1790 George Washington
85%
1874 Ulysses S. Grant
85%
1890 Benjamin Harrison
83%
1998 Bill Clinton
83%
1973 Richard Nixon
83%
1985 Ronald Reagan
83%
1986 Ronald Reagan
83%
1906 Theodore Roosevelt
83%
1913 William Howard Taft | Woodrow Wilson
83%
1885 Chester A. Arthur | Grover Cleveland
82%
1961 Dwight D. Eisenhower | John F. Kennedy
82%
1936 Franklin D. Roosevelt
82%
1965 Lyndon B. Johnson
82%
1804 Thomas Jefferson
82%
1943 Franklin D. Roosevelt
81%
1836 Andrew Jackson
80%
1924 Calvin Coolidge
80%
1929 Calvin Coolidge | Herbert Hoover
80%
1954 Dwight D. Eisenhower
80%
1941 Franklin D. Roosevelt
80%
1796 George Washington
80%
2008 George W. Bush
80%
1946 Harry Truman
80%
1816 James Madison
80%
1817 James Madison | James Monroe
80%
1978 Jimmy Carter
80%
1983 Ronald Reagan
80%
1984 Ronald Reagan
80%
1873 Ulysses S. Grant
80%
1911 William Howard Taft
80%
1898 William McKinley
80%
1919 Woodrow Wilson
80%
1794 George Washington
79%
2000 Bill Clinton
78%
2019 Donald Trump
78%
1797 George Washington | John Adams
78%
2004 George W. Bush
78%
1815 James Madison
78%
1824 James Monroe
78%
1828 John Quincy Adams
78%
1967 Lyndon B. Johnson
78%
1809 Thomas Jefferson | James Madison
78%
1849 James K. Polk | Zachary Taylor
77%
1829 John Quincy Adams | Andrew Jackson
77%
1864 Abraham Lincoln
75%
1830 Andrew Jackson
75%
1866 Andrew Johnson
75%
1869 Andrew Johnson | Ulysses S. Grant
75%
2011 Barack Obama
75%
2016 Barack Obama
75%
1959 Dwight D. Eisenhower
75%
1990 George H.W. Bush
75%
1977 Gerald Ford | Jimmy Carter
75%
1887 Grover Cleveland
75%
1858 James Buchanan
75%
1861 James Buchanan | Abraham Lincoln
75%
1822 James Monroe
75%
1841 Martin Van Buren | William Henry Harrison | John Tyler
75%
1909 Theodore Roosevelt | William Howard Taft
75%
1807 Thomas Jefferson
75%
1808 Thomas Jefferson
75%
1923 Warren Harding | Calvin Coolidge
75%
1899 William McKinley
75%
1914 Woodrow Wilson
75%
1917 Woodrow Wilson
75%
1850 Zachary Taylor | Millard Fillmore
75%
2001 Bill Clinton | George W. Bush
73%
1798 John Adams
73%
1963 John F. Kennedy | Lyndon B. Johnson
73%
1964 Lyndon B. Johnson
73%
1837 Andrew Jackson | Martin Van Buren
71%
2013 Barack Obama
71%
1893 Benjamin Harrison | Grover Cleveland
71%
1999 Bill Clinton
71%
1945 Franklin D. Roosevelt | Harry Truman
71%
1993 George H.W. Bush | Bill Clinton
71%
1975 Gerald Ford
71%
1896 Grover Cleveland
71%
1889 Grover Cleveland | Benjamin Harrison
71%
1819 James Monroe
71%
1839 Martin Van Buren
71%
1852 Millard Fillmore
71%
1902 Theodore Roosevelt
71%
1908 Theodore Roosevelt
71%
2010 Barack Obama
70%
1942 Franklin D. Roosevelt
70%
1992 George H.W. Bush
70%
1814 James Madison
70%
1981 Jimmy Carter | Ronald Reagan
70%
1803 Thomas Jefferson
70%
1895 Grover Cleveland
69%
1846 James K. Polk
69%
1811 James Madison
69%
1970 Richard Nixon
69%
1868 Andrew Johnson
67%
2017 Barack Obama | Donald Trump
67%
1882 Chester A. Arthur
67%
1955 Dwight D. Eisenhower
67%
1938 Franklin D. Roosevelt
67%
1940 Franklin D. Roosevelt
67%
1855 Franklin Pierce
67%
1856 Franklin Pierce
67%
1976 Gerald Ford
67%
1952 Harry Truman
67%
1972 Richard Nixon
67%
1988 Ronald Reagan
67%
1875 Ulysses S. Grant
67%
1876 Ulysses S. Grant
67%
1859 James Buchanan
64%
1871 Ulysses S. Grant
64%
1833 Andrew Jackson
63%
1926 Calvin Coolidge
63%
1957 Dwight D. Eisenhower
63%
1860 James Buchanan
63%
1878 Rutherford B. Hayes
63%
1802 Thomas Jefferson
63%
1870 Ulysses S. Grant
63%
1962 John F. Kennedy
62%
1996 Bill Clinton
60%
1791 George Washington
60%
1847 James K. Polk
60%
1827 John Quincy Adams
60%
1840 Martin Van Buren
60%
1894 Grover Cleveland
58%
1848 James K. Polk
58%
1904 Theodore Roosevelt
58%
1834 Andrew Jackson
57%
1857 Franklin Pierce | James Buchanan
57%
1888 Grover Cleveland
57%
1844 John Tyler
57%
1851 Millard Fillmore
57%
1853 Millard Fillmore | Franklin Pierce
57%
1877 Ulysses S. Grant | Rutherford B. Hayes
57%
1821 James Monroe
56%
1800 John Adams
56%
1835 Andrew Jackson
50%
1884 Chester A. Arthur
50%
1956 Dwight D. Eisenhower
50%
1960 Dwight D. Eisenhower
50%
1934 Franklin D. Roosevelt
50%
1897 Grover Cleveland | William McKinley
50%
1979 Jimmy Carter
50%
1826 John Quincy Adams
50%
1842 John Tyler
50%
1843 John Tyler
50%
1880 Rutherford B. Hayes
50%
1903 Theodore Roosevelt
50%
1901 William McKinley | Theodore Roosevelt
50%
1867 Andrew Johnson
43%
1838 Martin Van Buren
43%
1892 Benjamin Harrison
40%
1935 Franklin D. Roosevelt
40%
1879 Rutherford B. Hayes
40%
1805 Thomas Jefferson
40%
1928 Calvin Coolidge
38%
1801 John Adams | Thomas Jefferson
38%
1886 Grover Cleveland
33%
1948 Harry Truman
33%
1845 John Tyler | James K. Polk
33%
No matching quizzes found
Score Distribution
Percent of People with Each Score
Percentile by Number Answered
Your Score History
You have not taken this quiz